[Event "SR 1. liga zapad 2011/2012"]
[Site "?"]
[Date "2012.02.04"]
[Round "8.2"]
[White "Garban, Mario"]
[Black "Briestensky, Rastislav"]
[Result "0-1"]
[WhiteElo "1994"]
[BlackElo "2300"]
[PlyCount "152"]
[EventDate "2011.??.??"]

1. e4 c6 2. d4 d5 3. Nd2 g6 4. c3 Bg7 5. g3 dxe4 6. Nxe4 Nh6 7. Bg2 O-O 8. Bf4
Nd7 9. Ne2 Qb6 10. Qb3 Qa6 11. Qc2 e5 12. dxe5 Nxe5 13. O-O Qd3 14. Nd4 Nf5 15.
Nc5 Nxd4 16. Qxd3 Nxd3 17. Nxd3 Ne2+ 18. Kh1 Bf5 19. Rad1 Rad8 20. Nc5 Nxf4 21.
gxf4 Bc8 22. Ne4 Bg4 23. Rd6 Be6 24. Rfd1 Rxd6 25. Rxd6 Rb8 26. Ng5 Bxa2 27.
Bh3 h6 28. Ne4 Re8 29. f3 f5 30. Nc5 Bf8 31. Rxg6+ Kf7 32. Bxf5 Bxc5 33. Rxh6
Rg8 34. Bg4 Kg7 35. Rh5 Be7 36. Ra5 Bc4 37. b3 Bxb3 38. Rxa7 Rb8 39. Bc8 Bd5
40. Rxb7 Bxf3+ 41. Kg1 Rxc8 42. Rxe7+ Kf6 43. Re5 Bd5 44. Rh5 Ra8 45. Kf2 Ra4
46. Kg3 Rc4 47. Rh6+ Kg7 48. Rd6 Rxc3+ 49. Kg4 Kf7 50. Rh6 Rc5 51. f5 Rc2 52.
h4 Rf2 53. Kg5 Rg2+ 54. Kf4 Rg1 55. h5 Kg7 56. Rd6 Kf7 57. h6 Ke7 58. Rg6 Rh1
59. Ke5 Rh4 60. Rg7+ Kf8 61. Rg6 Ke7 62. Rg7+ Kf8 63. Rg6 Rh1 64. Rf6+ Kg8 65.
Rg6+ Kh7 66. Rg7+ Kxh6 67. Kf6 Rf1 68. Rc7 Re1 69. Rc8 Kh5 70. Kg7 Re7+ 71. Kf6
Rb7 72. Rh8+ Kg4 73. Kg6 Be4 74. Rg8 Bxf5+ 75. Kf6+ Kf4 76. Rg5 Rf7+ 0-1

[Event "SR 1. liga zapad 2011/2012"]
[Site "?"]
[Date "2012.02.04"]
[Round "8.2"]
[White "Kaniansky, Miroslav"]
[Black "Zetocha, Claudiu"]
[Result "1/2-1/2"]
[WhiteElo "2199"]
[BlackElo "2355"]
[PlyCount "85"]
[EventDate "2011.??.??"]

1. d4 Nf6 2. Nf3 e6 3. e3 b6 4. Bd3 Bb7 5. Nbd2 c5 6. c3 d6 7. O-O Be7 8. e4
Nc6 9. Re1 O-O 10. Nf1 cxd4 11. cxd4 Rc8 12. Ng3 Rc7 13. Bd2 Qd7 14. Rc1 Rfc8
15. Qe2 g6 16. h4 Bf8 17. h5 Bg7 18. hxg6 hxg6 19. Bb5 Qd8 20. Bg5 Ne7 21. Rxc7
Rxc7 22. Rc1 Rxc1+ 23. Bxc1 d5 24. e5 Ne4 25. Nf1 Qc8 26. Bf4 Nf5 27. g4 Bh6
28. gxf5 Bxf4 29. fxg6 fxg6 30. Nh4 Qd8 31. Qg4 Qg5 32. Qxg5 Bxg5 33. Nf3 Bc1
34. b3 Nc3 35. Be8 Kg7 36. Ne3 Ba6 37. Bd7 Ne2+ 38. Kh2 Bd3 39. Bxe6 Nf4 40.
Bc8 Bb2 41. Bb7 Be4 42. Ng5 Bxd4 43. Nxe4 1/2-1/2

[Event "SR 1. liga zapad 2011/2012"]
[Site "?"]
[Date "2012.02.04"]
[Round "8.2"]
[White "Marko, Anton"]
[Black "Ruckschloss, Karol"]
[Result "0-1"]
[WhiteElo "2127"]
[BlackElo "2290"]
[PlyCount "56"]
[EventDate "2011.??.??"]

1. c4 e5 2. Nc3 Nc6 3. g3 g6 4. Bg2 Bg7 5. e3 f5 6. Nge2 Nf6 7. d3 O-O 8. O-O
d6 9. Bd2 Ne7 10. f4 c6 11. b4 Be6 12. Rb1 Qc7 13. c5 Rad8 14. Qc2 Ned5 15. e4
Nxc3 16. Bxc3 Ng4 17. Rf3 d5 18. fxe5 dxe4 19. dxe4 Nxe5 20. Rff1 fxe4 21. Nf4
Bd5 22. Bxe4 Bxe4 23. Qxe4 Rfe8 24. Rbe1 Qd7 25. Qc2 Qf7 26. Re4 Qf5 27. Qe2
Nf3+ 28. Rxf3 Qxe4 0-1

[Event "SR 1. liga zapad 2011/2012"]
[Site "?"]
[Date "2012.02.04"]
[Round "8.2"]
[White "Mikulas, Jaroslav"]
[Black "Kolcak, Marek"]
[Result "0-1"]
[WhiteElo "2071"]
[BlackElo "2145"]
[PlyCount "34"]
[EventDate "2011.??.??"]

1. e4 e6 2. d4 d5 3. Nc3 Nf6 4. Bg5 Bb4 5. exd5 exd5 6. Bd3 O-O 7. Nge2 h6 8.
Bh4 c6 9. O-O Bd6 10. f4 Bg4 11. Qd2 Bxe2 12. Qxe2 Nbd7 13. Qf3 Qb6 14. a3 Rae8
15. b4 Qxd4+ 16. Bf2 Qxf4 17. Qxf4 Bxf4 0-1

[Event "SR 1. liga zapad 2011/2012"]
[Site "?"]
[Date "2012.02.04"]
[Round "8.2"]
[White "Petran, Peter"]
[Black "Detko, Jan"]
[Result "1-0"]
[WhiteElo "2297"]
[BlackElo "2130"]
[PlyCount "101"]
[EventDate "2011.??.??"]

1. Nf3 Nf6 2. c4 g6 3. Nc3 Bg7 4. e4 d6 5. d4 O-O 6. h3 e5 7. Be3 exd4 8. Nxd4
Re8 9. Bd3 Nbd7 10. f3 Nh5 11. Nde2 f5 12. Qd2 Ne5 13. O-O Be6 14. b3 c6 15.
Rad1 Qe7 16. Bb1 Rad8 17. Bg5 Bf6 18. Bxf6 Qxf6 19. f4 Nf7 20. Kh2 fxe4 21.
Nxe4 Qh4 22. Nd4 Bg4 23. Qe1 Qxe1 24. Rdxe1 Bf5 25. g4 Bxe4 26. Bxe4 Nf6 27.
Bf3 Rxe1 28. Rxe1 Re8 29. Re6 Rxe6 30. Nxe6 d5 31. cxd5 Nxd5 32. Bxd5 cxd5 33.
Kg2 Nd6 34. Kf3 Kf7 35. Ng5+ Kg7 36. Ke3 a6 37. a4 b5 38. Kd4 bxa4 39. bxa4 Nc4
40. Kc5 h5 41. Ne6+ Kf7 42. Nc7 hxg4 43. hxg4 Nb2 44. a5 Nc4 45. Kb4 Ne3 46.
Nxa6 Ke7 47. Nc5 Nc4 48. a6 Kd6 49. a7 Nb6 50. Kb5 Na8 51. Nd3 1-0

[Event "SR 1. liga zapad 2011/2012"]
[Site "?"]
[Date "2012.02.04"]
[Round "8.2"]
[White "Sulek, Viliam"]
[Black "Lovas, Miroslav"]
[Result "1/2-1/2"]
[WhiteElo "2135"]
[BlackElo "2081"]
[PlyCount "70"]
[EventDate "2011.??.??"]

1. e4 e5 2. Nf3 Nf6 3. Nxe5 d6 4. Nf3 Nxe4 5. Nc3 Nxc3 6. dxc3 Be7 7. Be3 Nc6
8. Qd2 Be6 9. Bd3 Qd7 10. Nd4 Bf6 11. Nxe6 Qxe6 12. Bb5 Qf5 13. Bd3 Qd5 14. O-O
Qh5 15. Be2 Qf5 16. f4 O-O-O 17. Bf3 Qa5 18. a4 Qf5 19. Qe2 h5 20. Qb5 d5 21.
Rad1 a6 22. Qd3 Qxd3 23. Rxd3 Ne7 24. Rfd1 c6 25. Bb6 Rd7 26. g4 g6 27. h3 hxg4
28. hxg4 Bg7 29. Kg2 g5 30. f5 Be5 31. Rh1 Rxh1 32. Kxh1 Ng8 33. Be3 f6 34. Kg2
Rh7 35. Bg1 Rh4 1/2-1/2

[Event "SR 1. liga zapad 2011/2012"]
[Site "?"]
[Date "2012.02.04"]
[Round "8.3"]
[White "Beres, Dominik"]
[Black "Miklas, Marian"]
[Result "1-0"]
[WhiteElo "2107"]
[BlackElo "2143"]
[PlyCount "151"]
[EventDate "2011.??.??"]

1. e4 c5 2. Nf3 d6 3. d4 cxd4 4. Nxd4 Nf6 5. Nc3 a6 6. Be3 e6 7. Be2 Be7 8. Qd2
Nc6 9. f3 Qc7 10. g4 h6 11. O-O-O Nxd4 12. Bxd4 e5 13. Be3 Be6 14. Nd5 Bxd5 15.
exd5 Nd7 16. Kb1 O-O-O 17. h4 Kb8 18. Qb4 Nc5 19. Qa3 Rc8 20. c4 a5 21. Ka1 b6
22. Rb1 Kb7 23. b4 axb4 24. Rxb4 Ra8 25. Qb2 Ra6 26. Bxc5 dxc5 27. Rb3 Rha8 28.
a3 Bf6 29. Ka2 Qd6 30. Qc2 Kc7 31. Qf5 g6 32. Qe4 Ra4 33. g5 Bg7 34. Qc2 b5 35.
cxb5 c4 36. Qc1 Kb6 37. Bxc4 Bf8 38. Qe3+ Kb7 39. Rc1 Rxa3+ 40. Kb2 Rxb3+ 41.
Qxb3 Ra3 42. Qc2 e4 43. Qxe4 Bg7+ 44. Kc2 Qh2+ 45. Be2 Ra2+ 46. Kd3 Qd6 47. Qc4
Qa3+ 48. Ke4 Qe7+ 49. Kf4 Be5+ 50. Ke3 Bb2+ 51. Kf2 Bxc1 52. Qxa2 hxg5 53. Qa6+
Kb8 54. d6 Be3+ 55. Kf1 Qa7 56. hxg5 Qxa6 57. bxa6 Bxg5 58. Bc4 Ka7 59. Ke2 Bf4
60. d7 Bc7 61. Ke3 f5 62. f4 Bd8 63. Kd4 g5 64. fxg5 Bxg5 65. Ke5 f4 66. Kf5
Bd8 67. Kxf4 Bb6 68. Ke5 Kb8 69. Kd6 Bd8 70. Bd3 Bg5 71. Be4 Bh4 72. Ke6 Ka7
73. Bb7 Kb8 74. Kf7 Kc7 75. Ke8 Bg5 76. Bc8 1-0

[Event "SR 1. liga zapad 2011/2012"]
[Site "?"]
[Date "2012.02.04"]
[Round "8.3"]
[White "Beres, Lukas"]
[Black "Mosny, Jaroslav"]
[Result "1-0"]
[WhiteElo "1902"]
[BlackElo "1941"]
[PlyCount "53"]
[EventDate "2011.??.??"]

1. e4 e5 2. Nf3 d6 3. Bc4 Be7 4. c3 Nf6 5. d3 O-O 6. Nbd2 c6 7. O-O Nbd7 8. Re1
b5 9. Bb3 Nc5 10. Bc2 Qc7 11. d4 Ne6 12. Nf1 Re8 13. Ne3 g6 14. a4 bxa4 15.
Bxa4 Bd7 16. dxe5 dxe5 17. Nc4 Nc5 18. Bc2 Ng4 19. h3 Be6 20. Qe2 Bxc4 21. Qxc4
Nf6 22. Be3 Ne6 23. Ra6 c5 24. Ba4 Rec8 25. Bb3 Bd6 26. Rd1 Rd8 27. Ng5 1-0

[Event "SR 1. liga zapad 2011/2012"]
[Site "?"]
[Date "2012.02.04"]
[Round "8.3"]
[White "Cibulka, Vladimir"]
[Black "Lanc, Alois"]
[Result "0-1"]
[WhiteElo "2278"]
[BlackElo "2367"]
[PlyCount "150"]
[EventDate "2011.??.??"]

1. d4 Nf6 2. Nf3 d6 3. g3 g6 4. Bg2 Bg7 5. O-O c6 6. Re1 Nbd7 7. e4 O-O 8. c3
e5 9. Nbd2 b5 10. a4 Bb7 11. Qc2 a6 12. b4 exd4 13. cxd4 Rc8 14. Bb2 Nb6 15.
axb5 cxb5 16. Qb3 d5 17. e5 Ne8 18. Rac1 Nc4 19. Bc3 Nc7 20. Qa2 Ne6 21. Nb3
Rc6 22. Nc5 Bc8 23. Nd2 Bh6 24. f4 g5 25. Nxc4 bxc4 26. Nxe6 Bxe6 27. Rf1 gxf4
28. gxf4 Bf5 29. Rce1 Rg6 30. Kh1 Qd7 31. Re3 Bd3 32. Rxd3 cxd3 33. Bxd5 Qf5
34. Qf2 Rc8 35. Bd2 Rc2 36. Qe3 Rg4 37. Be4 Qh5 38. Qxd3 Ra2 39. Bxh7+ Kh8 40.
Bf5 Rh4 41. h3 Rxd2 42. Qxd2 Qxf5 43. Rf3 Rxh3+ 44. Rxh3 Qxh3+ 45. Kg1 Qg3+ 46.
Kf1 Bxf4 47. Qe2 Be3 48. Qh5+ Kg7 49. Qf5 Qg1+ 50. Ke2 Bg5 51. Qe4 Qh2+ 52. Kd3
Qb2 53. Qg4 Kh6 54. Kc4 Qa2+ 55. Kd3 Qb3+ 56. Ke4 Qxb4 57. Qc8 Qb1+ 58. Kd5
Qb5+ 59. Ke4 Qe2+ 60. Kd5 Kg7 61. Kd6 Qe4 62. Qc3 Qb7 63. Qg3 Qb6+ 64. Kd5 Qg6
65. Qc3 Be7 66. Qa1 Qg2+ 67. Kc4 Qc6+ 68. Kd3 Kf8 69. Ke3 Bb4 70. Qa2 Qe6 71.
Qg2 a5 72. Qb7 Kg7 73. Kd3 Qb3+ 74. Ke4 Qb1+ 75. Ke3 Bd2+ 0-1

[Event "SR 1. liga zapad 2011/2012"]
[Site "?"]
[Date "2012.02.04"]
[Round "8.3"]
[White "Doucha, Ludvik"]
[Black "Zahorsky, Robert"]
[Result "1/2-1/2"]
[WhiteElo "2102"]
[BlackElo "1996"]
[PlyCount "81"]
[EventDate "2011.??.??"]

1. d4 d5 2. e3 Nf6 3. Bd3 c6 4. Nd2 Bg4 5. Ngf3 e6 6. c3 Be7 7. Qb3 Qb6 8. Ne5
Bh5 9. O-O Nbd7 10. f4 Bg6 11. Nxg6 hxg6 12. h3 Qxb3 13. axb3 a6 14. b4 Nb6 15.
Rf3 Bd6 16. g4 O-O-O 17. g5 Nh5 18. Nf1 f5 19. b3 Kc7 20. Kg2 Kb8 21. Bd2 Nc8
22. Be2 Bc7 23. c4 Nd6 24. Be1 Ne4 25. Nd2 Kc8 26. Bf1 Rh7 27. Kg1 Rdh8 28. Bg2
Kd7 29. Nxe4 fxe4 30. Rf1 Rf8 31. Bd2 Ng3 32. Rf2 Rfh8 33. Kh2 Nf5 34. Rh1 Rh5
35. Kg1 Ng3 36. Rh2 Nf5 37. Rf1 Ng3 38. Rf2 Bd6 39. Be1 Nf5 40. Bd2 Nh4 41. Bh1
1/2-1/2

[Event "SR 1. liga zapad 2011/2012"]
[Site "?"]
[Date "2012.02.04"]
[Round "8.3"]
[White "Drtina, Milan"]
[Black "Berek, Geza"]
[Result "1-0"]
[WhiteElo "2247"]
[BlackElo "2186"]
[PlyCount "135"]
[EventDate "2011.??.??"]

1. e4 g6 2. d4 Bg7 3. c4 d6 4. Nc3 Nf6 5. Bd3 O-O 6. Nge2 Nc6 7. O-O e5 8. d5
Nd4 9. Nxd4 exd4 10. Ne2 Re8 11. f3 c5 12. dxc6 bxc6 13. Kh1 c5 14. b4 Qb6 15.
Rb1 Qc7 16. b5 Bb7 17. a4 a6 18. b6 Qe7 19. a5 h6 20. Bd2 Kh7 21. Nf4 Rac8 22.
Qc2 Qd7 23. Qa2 Re7 24. Bc2 Rb8 25. Be1 Kg8 26. Nd5 Nxd5 27. cxd5 Rf8 28. Ba4
Qc8 29. Bg3 Rd8 30. Qc4 Kh7 31. Rfe1 Qa8 32. Qd3 Qc8 33. Rbc1 f6 34. Bc2 Kg8
35. Ba4 Kh7 36. Re2 Rf7 37. Bc6 Re7 38. Bxd6 Rxd6 39. Rxc5 Bxc6 40. Rec2 Rxd5
41. Rxc6 Qb7 42. Rc7 Rxc7 43. Rxc7 Rxa5 44. Qxd4 Qb8 45. g3 Qf8 46. b7 Rb5 47.
Kg2 f5 48. e5 Qa3 49. Rxg7+ Kxg7 50. Qd7+ Kg8 51. Qxb5 axb5 52. b8=Q+ Kf7 53.
Qxb5 Qe7 54. Qd5+ Kg7 55. h4 Kf8 56. h5 gxh5 57. e6 Kg7 58. Qxf5 Qf6 59. Qe4
Kf8 60. Qf4 Ke7 61. Qxf6+ Kxf6 62. Kh3 Kxe6 63. Kh4 Kf6 64. Kxh5 Kg7 65. f4 Kh7
66. f5 Kg7 67. g4 Kh7 68. f6 1-0

[Event "SR 1. liga zapad 2011/2012"]
[Site "?"]
[Date "2012.02.04"]
[Round "8.3"]
[White "Fabian, Jaroslav"]
[Black "Lukac, Roman"]
[Result "1/2-1/2"]
[WhiteElo "2192"]
[BlackElo "2165"]
[PlyCount "35"]
[EventDate "2011.??.??"]

1. c4 Nf6 2. Nc3 e5 3. Nf3 Nc6 4. g3 Bc5 5. Bg2 d6 6. O-O O-O 7. d3 a6 8. a3
Ba7 9. b4 Re8 10. Bb2 Bf5 11. e3 Qd7 12. Re1 Bg4 13. Qc2 Qf5 14. Nd2 Bh3 15.
Nde4 Bxg2 16. Nxf6+ Qxf6 17. Kxg2 Qg6 18. Nd5 1/2-1/2

[Event "SR 1. liga zapad 2011/2012"]
[Site "?"]
[Date "2012.02.04"]
[Round "8.3"]
[White "Likavsky, Tomas"]
[Black "Kalisky, Vladimir"]
[Result "1/2-1/2"]
[WhiteElo "2486"]
[BlackElo "2234"]
[PlyCount "247"]
[EventDate "2011.??.??"]

1. d4 d5 2. c4 c5 3. cxd5 Qxd5 4. Nf3 cxd4 5. Nc3 Qa5 6. Nxd4 Nf6 7. g3 e5 8.
Nb3 Qc7 9. Bg2 Bb4 10. Bd2 O-O 11. Nb5 Qe7 12. O-O Nc6 13. Bg5 Be6 14. a3 Rfd8
15. Qc2 Rac8 16. axb4 Nxb4 17. Qe4 Bxb3 18. Bxf6 gxf6 19. Rxa7 Nc6 20. Qg4+ Kh8
21. Be4 Be6 22. Qh4 f5 23. Qxe7 Nxe7 24. Rxb7 Rb8 25. Nc3 Rxb7 26. Bxb7 Rb8 27.
Ba6 Rxb2 28. Rc1 Kg7 29. Na4 Ra2 30. Nc5 Bd5 31. Kf1 Nc6 32. Bb7 Nb4 33. Bxd5
Nxd5 34. Nd7 f6 35. Rc5 Ra1+ 36. Kg2 Rd1 37. Nb8 Kf7 38. Rc2 Ke6 39. Na6 Kd6
40. Nc5 Rb1 41. Na4 Rb3 42. Nb2 Rc3 43. Rd2 Ke6 44. Nd3 f4 45. Ne1 e4 46. Nc2
Ke5 47. Nd4 Rc1 48. Nf5 Rc4 49. Nh6 Rc5 50. gxf4+ Nxf4+ 51. Kg3 Rc3+ 52. e3 Nd3
53. Ra2 f5 54. h4 Rc5 55. Nf7+ Kf6 56. Ng5 Rc7 57. Ra6+ Ke5 58. Re6+ Kd5 59.
Rh6 Rc2 60. Nh3 Rc7 61. Ng5 Rc2 62. Rxh7 Nxf2 63. Kf4 Ng4 64. Kxf5 Nxe3+ 65.
Kf4 Ng2+ 66. Kg3 e3 67. Rd7+ Kc6 68. Re7 Kd6 69. Re8 e2 70. Nf3 Nxh4 71. Kxh4
Kd5 72. Kg3 Ra2 73. Ng1 Ra8 74. Rxe2 Rg8+ 75. Kf2 Kd4 76. Nf3+ Kd3 77. Rd2+ Kc3
78. Rd7 Re8 79. Nd2 Kc2 80. Kf3 Kc3 81. Ne4+ Kb4 82. Ke3 Kc4 83. Rd4+ Kb5 84.
Kd3 Re5 85. Rc4 Rd5+ 86. Kc3 Rd1 87. Rc5+ Kb6 88. Rh5 Kc6 89. Kc4 Rc1+ 90. Nc3
Kd6 91. Kd4 Ke6 92. Re5+ Kf6 93. Nd5+ Kf7 94. Rf5+ Ke6 95. Rf6+ Kd7 96. Ne3 Re1
97. Ra6 Re2 98. Nf5 Re6 99. Ra1 Kc6 100. Rc1+ Kd7 101. Kd5 Rf6 102. Nd4 Ra6
103. Nc6 Ra2 104. Rh1 Rd2+ 105. Nd4 Ke7 106. Ke5 Kf7 107. Rf1+ Ke7 108. Ra1 Kf7
109. Ra7+ Kg6 110. Ra6+ Kf7 111. Ne6 Rb2 112. Kf5 Ke7 113. Nc5 Rh2 114. Ne4
Rh5+ 115. Kf4 Rb5 116. Nf6 Rc5 117. Ke4 Rg5 118. Nd5+ Kd7 119. Kd4 Rg1 120.
Nf6+ Kc7 121. Ne8+ Kb7 122. Re6 Rd1+ 123. Kc5 Rc1+ 124. Kb5 1/2-1/2

[Event "SR 1. liga zapad 2011/2012"]
[Site "?"]
[Date "2012.02.04"]
[Round "8.4"]
[White "Cajka, Tibor"]
[Black "Grof, Stefan"]
[Result "1-0"]
[WhiteElo "2140"]
[BlackElo "1993"]
[PlyCount "83"]
[EventDate "2011.??.??"]

1. e4 c6 2. d4 d5 3. e5 Bf5 4. Nc3 e6 5. g4 Bg6 6. Nge2 c5 7. h4 h5 8. Nf4 cxd4
9. Nxg6 fxg6 10. Qxd4 Nc6 11. Bb5 Qb6 12. Qxb6 axb6 13. Bf4 Nge7 14. f3 Kf7 15.
O-O-O Nc8 16. a3 Be7 17. Bg3 N8a7 18. Bd3 Bc5 19. Ne2 b5 20. b4 Be3+ 21. Kb2
Nd4 22. Bxg6+ Kxg6 23. Nxd4 Bxd4+ 24. Rxd4 Nc6 25. Rd3 Rac8 26. Rhd1 Ne7 27.
Bf2 Rc4 28. Rc3 hxg4 29. Rxc4 bxc4 30. fxg4 b5 31. a4 bxa4 32. Ka3 Ra8 33. b5
Rb8 34. Bc5 Kf7 35. Kxa4 Ng6 36. Rf1+ Kg8 37. Bd6 Ra8+ 38. Kb4 Nxh4 39. b6 Ra2
40. Kb5 Rxc2 41. b7 Rb2+ 42. Bb4 1-0

[Event "SR 1. liga zapad 2011/2012"]
[Site "?"]
[Date "2012.02.04"]
[Round "8.4"]
[White "Goth, Gabriel"]
[Black "Gasa, Andrej"]
[Result "0-1"]
[WhiteElo "2002"]
[BlackElo "2257"]
[PlyCount "40"]
[EventDate "2011.??.??"]

1. e4 c5 2. Nf3 e6 3. d4 cxd4 4. Nxd4 Nc6 5. c4 Nf6 6. Nc3 Bb4 7. Nxc6 bxc6 8.
Bd3 e5 9. O-O O-O 10. Qa4 Bc5 11. b4 Bd4 12. Bb2 d5 13. Qc2 dxc4 14. Bxc4 Qe7
15. a3 a5 16. b5 cxb5 17. Bxb5 Bb7 18. Kh1 Rfc8 19. f3 Bxc3 20. Bxc3 Qc5 0-1

[Event "SR 1. liga zapad 2011/2012"]
[Site "?"]
[Date "2012.02.04"]
[Round "8.4"]
[White "Meszaros, Michal"]
[Black "Kukel, Imre 1985"]
[Result "1-0"]
[WhiteElo "2377"]
[BlackElo "2305"]
[PlyCount "105"]
[EventDate "2011.??.??"]

1. e4 c5 2. Nf3 d6 3. d4 cxd4 4. Nxd4 Nf6 5. Nc3 a6 6. Be3 e5 7. Nf3 Be7 8. Bc4
O-O 9. O-O Qc7 10. Bb3 Be6 11. Bg5 Nbd7 12. Bxf6 Nxf6 13. Nd5 Nxd5 14. Bxd5
Rfc8 15. c3 Qb6 16. Bxe6 fxe6 17. Qb3 Qxb3 18. axb3 a5 19. Rfd1 b5 20. Rd3 Rc6
21. Ne1 Bd8 22. Rad1 Bc7 23. Nc2 Rb8 24. b4 Ra6 25. Kf1 Kf7 26. Ke2 axb4 27.
Nxb4 Ra4 28. Kd2 Rba8 29. Kc2 Ra1 30. Kb3 R1a4 31. g3 g5 32. h4 g4 33. f3 Ba5
34. fxg4 Bxb4 35. cxb4 Rc8 36. Rc3 Rxc3+ 37. bxc3 Ra6 38. g5 Ke7 39. Kb2 Rc6
40. Ra1 d5 41. Ra7+ Kf8 42. exd5 exd5 43. Rd7 d4 44. cxd4 Rc4 45. dxe5 Rxb4+
46. Kc3 Re4 47. Rxh7 Rxe5 48. Kd4 Re1 49. Rb7 Rg1 50. Ke5 Rxg3 51. Kf6 Kg8 52.
Kg6 Rf3 53. Rb8+ 1-0

[Event "SR 1. liga zapad 2011/2012"]
[Site "?"]
[Date "2012.02.04"]
[Round "8.4"]
[White "Pagerka, Martin"]
[Black "Baranek, Jozef"]
[Result "1-0"]
[WhiteElo "2200"]
[BlackElo "2152"]
[PlyCount "101"]
[EventDate "2011.??.??"]

1. e4 c5 2. Nf3 a6 3. Nc3 b5 4. d4 cxd4 5. Nxd4 Bb7 6. Bd3 g6 7. O-O Bg7 8. Be3
Nf6 9. f3 O-O 10. Qe2 Nc6 11. Rfd1 Ne5 12. Nb3 d6 13. Bd4 Nxd3 14. Rxd3 Rc8 15.
a3 Qc7 16. Qf2 Nd7 17. Bxg7 Kxg7 18. f4 Nc5 19. Re3 Nxb3 20. cxb3 Qc5 21. b4
Qb6 22. Rae1 Rc4 23. g4 h6 24. Kf1 Rd8 25. Qh4 d5 26. Rh3 Rh8 27. Qxe7 dxe4 28.
g5 Qe6 29. Qxe6 fxe6 30. Rd1 Rc7 31. Ke2 h5 32. Rd6 Rf8 33. Ke3 Rcf7 34. Rh4
Re8 35. Nxe4 e5 36. f5 gxf5 37. Nf6 f4+ 38. Kd2 Rc8 39. Nxh5+ Kf8 40. g6 Rf5
41. Rd7 Kg8 42. g7 Rf7 43. Nf6+ Kxg7 44. Rh7+ Kxf6 45. Rhxf7+ Kg5 46. Rxb7 e4
47. Rg7+ Kh6 48. Rge7 e3+ 49. Ke2 Rc2+ 50. Kf3 Rf2+ 51. Kg4 1-0

[Event "SR 1. liga zapad 2011/2012"]
[Site "?"]
[Date "2012.02.04"]
[Round "8.4"]
[White "Szegi, Tamas"]
[Black "Plachetka, Jan"]
[Result "0-1"]
[WhiteElo "2246"]
[BlackElo "2388"]
[PlyCount "64"]
[EventDate "2011.??.??"]

1. e4 e5 2. Nf3 Nc6 3. Be2 Nf6 4. d3 Bc5 5. c3 d6 6. O-O a5 7. Nbd2 O-O 8. Qc2
Ba7 9. b3 Ne7 10. d4 Ng6 11. Nc4 exd4 12. cxd4 d5 13. exd5 Nxd5 14. Nce5 c6 15.
Bg5 f6 16. Nxg6 hxg6 17. Qxg6 fxg5 18. Bd3 Rxf3 19. Qh7+ Kf7 20. Qh5+ Kg8 21.
Qh7+ Kf8 22. Qh8+ Ke7 23. Rae1+ Be6 24. Qxg7+ Rf7 25. Rxe6+ Kxe6 26. Re1+ Kd6
27. Qxf7 Qf6 28. Qxb7 Rf8 29. Rc1 Qxf2+ 30. Kh1 Nb4 31. Qxa7 Nxd3 32. Rg1 Qf4
0-1

[Event "SR 1. liga zapad 2011/2012"]
[Site "?"]
[Date "2012.02.04"]
[Round "8.4"]
[White "Vach, Pavol"]
[Black "Balogh, Peter"]
[Result "0-1"]
[WhiteElo "2103"]
[BlackElo "1955"]
[PlyCount "128"]
[EventDate "2011.??.??"]

1. d4 Nf6 2. c4 c5 3. d5 e6 4. Nc3 exd5 5. cxd5 d6 6. Nf3 g6 7. e4 Bg7 8. h3
O-O 9. Bd3 a6 10. a4 Re8 11. O-O Nbd7 12. Bf4 Qc7 13. Rc1 Nh5 14. Bh2 Bh6 15.
Rc2 Nf4 16. Bxf4 Bxf4 17. Ne2 Bh6 18. Ng3 Rb8 19. b3 Nf6 20. Re1 Bd7 21. Qa1
Bg7 22. Qc1 b5 23. axb5 axb5 24. Qf4 Qb6 25. Nf1 Nh5 26. Qc1 Ra8 27. g4 Nf6 28.
Ng3 Bxg4 29. hxg4 Nxg4 30. Qf4 h5 31. Ng5 Ra7 32. Kg2 Be5 33. Qf3 Bd4 34. Rh1
c4 35. bxc4 Bxf2 36. Rxf2 Qxf2+ 37. Qxf2 Nxf2 38. Kxf2 Ra3 39. Rd1 b4 40. Ne2
Rb8 41. Nd4 Ra2+ 42. Ke3 Rg2 43. Ngf3 b3 44. Nb5 Ra8 45. Nxd6 b2 46. Nb5 Ra1
47. Bb1 Rc2 48. Nd2 Rc1 49. Ke2 h4 50. Nd4 h3 51. N4f3 g5 52. Nh2 Ra3 53. e5 g4
54. Nxg4 Rg3 55. Nf2 Rg2 56. Be4 Rxf2+ 57. Kxf2 Rxd1 58. Ke2 Rc1 59. d6 Kf8 60.
Kd3 b1=Q+ 61. Nxb1 Rxb1 62. Kd4 Rd1+ 63. Kc5 Ke8 64. Kb6 Kd8 0-1

[Event "SR 1. liga zapad 2011/2012"]
[Site "?"]
[Date "2012.02.04"]
[Round "8.4"]
[White "Voros, Gellert"]
[Black "Bury, Rastislav"]
[Result "1/2-1/2"]
[WhiteElo "1992"]
[BlackElo "2173"]
[PlyCount "46"]
[EventDate "2011.??.??"]

1. e4 c5 2. c3 Qa5 3. d4 cxd4 4. b4 Qe5 5. Bd3 dxc3 6. Nf3 Qc7 7. Qb3 e6 8.
Nxc3 Nf6 9. O-O Nc6 10. Ba3 Ng4 11. h3 Nd4 12. hxg4 Nxb3 13. Nb5 Qb6 14. axb3
a6 15. Bb2 f6 16. Rfc1 Kf7 17. Bd4 Qc6 18. Rxc6 bxc6 19. Nc7 Rb8 20. Bxa6 Bxa6
21. Nxa6 Ra8 22. Nc5 Rxa1+ 23. Bxa1 d6 1/2-1/2

[Event "SR 1. liga zapad 2011/2012"]
[Site "?"]
[Date "2012.02.04"]
[Round "8.5"]
[White "Bombek, Peter"]
[Black "Gabris, Ondrej"]
[Result "1/2-1/2"]
[WhiteElo "2179"]
[BlackElo "2146"]
[PlyCount "108"]
[EventDate "2011.??.??"]

1. d4 Nf6 2. Nf3 g6 3. g3 Bg7 4. Bg2 O-O 5. O-O d6 6. c4 c6 7. Nc3 Qa5 8. a3
Be6 9. Qd3 Qa6 10. b3 d5 11. Ne5 Nbd7 12. Nxd7 Nxd7 13. cxd5 Qxd3 14. exd3 cxd5
15. Nxd5 Bxd5 16. Bxd5 Bxd4 17. Rb1 Rab8 18. Be3 Bxe3 19. fxe3 e6 20. Bg2 Rfc8
21. Rbc1 b6 22. d4 Kg7 23. Kf2 f5 24. Ke2 Kf6 25. Bc6 Ke7 26. Rc4 Rc7 27. Rfc1
Rbc8 28. Kd3 Nb8 29. Bb7 Rxc4 30. Rxc4 Rxc4 31. Kxc4 Kd6 32. b4 e5 33. e4 fxe4
34. Bxe4 Nd7 35. a4 exd4 36. Kxd4 Ne5 37. h4 h6 38. Bg2 Ke6 39. Bh3+ Kd6 40.
Bg2 Ke6 41. a5 Kd6 42. axb6 axb6 43. Bb7 Ke6 44. Ke4 Kd6 45. Kd4 Ke6 46. g4 g5
47. hxg5 hxg5 48. Ke4 Kf6 49. Bc8 Nc6 50. b5 Na7 51. Ba6 Ke6 52. Kd4 Kd6 53.
Ke4 Ke6 54. Kd4 Kd6 1/2-1/2

[Event "SR 1. liga zapad 2011/2012"]
[Site "?"]
[Date "2012.02.04"]
[Round "8.5"]
[White "Borik, Juraj"]
[Black "Hartl, Jan"]
[Result "1-0"]
[WhiteElo "2198"]
[BlackElo "2189"]
[PlyCount "75"]
[EventDate "2011.??.??"]

1. e4 e5 2. Nf3 Nc6 3. Bb5 a6 4. Ba4 Nf6 5. O-O Be7 6. Re1 b5 7. Bb3 O-O 8. a4
Bb7 9. c3 d6 10. d4 Nd7 11. Nbd2 Bf6 12. Nf1 Na5 13. Bc2 c5 14. Ng3 cxd4 15.
cxd4 Nc6 16. Nf5 Nb6 17. axb5 axb5 18. Rxa8 Nxa8 19. d5 Ne7 20. Ng3 Ng6 21. Bd3
Nc7 22. Qb3 Qd7 23. Bd2 Nf4 24. Bf1 Ra8 25. h3 g6 26. Bxf4 exf4 27. Ne2 Ra4 28.
Nxf4 Ba6 29. Nd3 b4 30. e5 Bxd3 31. exf6 Bxf1 32. Re7 Qb5 33. Rxc7 Ra8 34. Qe3
Qb8 35. Rxf7 Bd3 36. Rg7+ Kh8 37. Rxh7+ Kxh7 38. Qe7+ 1-0

[Event "SR 1. liga zapad 2011/2012"]
[Site "?"]
[Date "2012.02.04"]
[Round "8.5"]
[White "Hajek, Lukas"]
[Black "Sukuba, Zdeno"]
[Result "0-1"]
[WhiteElo "2038"]
[BlackElo "2101"]
[PlyCount "62"]
[EventDate "2011.??.??"]

1. d4 Nf6 2. c4 e6 3. Nf3 b6 4. a3 Be7 5. Nc3 d5 6. cxd5 exd5 7. g3 O-O 8. Bg2
Bb7 9. O-O c5 10. Bf4 Nc6 11. Re1 Re8 12. Qd3 c4 13. Qc2 Ba6 14. Red1 Bf8 15.
Ne5 Na5 16. Re1 Bd6 17. Rad1 Qe7 18. Bg5 Qe6 19. Bxf6 gxf6 20. Nf3 Rad8 21. Nh4
Bf8 22. Nf5 Nb3 23. Bf3 b5 24. Ne3 b4 25. axb4 Bxb4 26. Bg4 Qb6 27. Qf5 Nxd4
28. Qh5 Rxe3 29. Rxd4 Qxd4 30. Bf5 Re5 31. e3 Rxf5 0-1

[Event "SR 1. liga zapad 2011/2012"]
[Site "?"]
[Date "2012.02.04"]
[Round "8.5"]
[White "Janos, Ivan"]
[Black "Veres, Andrej"]
[Result "1-0"]
[WhiteElo "2142"]
[BlackElo "2174"]
[PlyCount "83"]
[EventDate "2011.??.??"]

1. e4 c5 2. Nf3 Nc6 3. d4 cxd4 4. Nxd4 Nf6 5. Nc3 e5 6. Ndb5 d6 7. Bg5 a6 8.
Na3 b5 9. Bxf6 gxf6 10. Nd5 Bg7 11. Bd3 Be6 12. O-O f5 13. c3 O-O 14. Nc2 fxe4
15. Bxe4 f5 16. Nf4 Bd7 17. Bxc6 Bxc6 18. Ne6 Qd7 19. Nxf8 Rxf8 20. Nb4 Bb7 21.
a4 a5 22. Nd3 Qc6 23. f3 d5 24. Qb3 Ba6 25. axb5 Bxb5 26. Rfd1 e4 27. Ne5 Qc5+
28. Kh1 Bc4 29. Nxc4 dxc4 30. Qa3 Qf2 31. Rf1 Qe2 32. Rae1 Qd2 33. Rd1 Qe2 34.
Qxa5 exf3 35. Qd5+ Kh8 36. Qxf3 Qxb2 37. Rd7 Qxc3 38. Qxc3 Bxc3 39. Rc7 Bb2 40.
Rxc4 Kg7 41. Rcf4 Kg6 42. g4 1-0